00521nam a22001577a 450000500170000002000070001703500130002403700130003710000310005024500530008126000480013430000220018294200250020499900170022995201170024620120618131813.0 c00 aB-158710 aDPLbENG aSingh, Yogesh Kumar949276 aPsychology in education /cby Yogesh Kumar Singh aNew DelhibAPH Publishing Corporationc2005 av, 339p.c20 cms. 2ddccENh370.15mYOG c68053d68053 001040708NFICaZLSbZLSd2012-06-18g0.00l0o370.15 YOGpB-158710r2012-06-18 00:00:00v0.00w2012-06-18yEN